000 00313nam a2200133Ia 4500
005 20251222141951.0
008 251222s9999||||xx |||||||||||||| ||spa||
020 _a84-404-8023-7
082 _a263.1/C92
100 _aCruz, San Juan de la
245 0 _aDichos de luz y amor:
264 _bLs Olmeda
942 _cLIB
999 _c9677
_d9677